LIBRARY & INFORMATION CENTRE, KCAET, TAVANUR

ONLINE PUBLIC ACCESS CATALOGUE (OPAC)

prospects year indian devolopment (Record no. 11159)

MARC details
000 -LEADER
fixed length control field 00437cam a2200181ua 4500
041 ## - LANGUAGE CODE
Language code of text/sound track or separate title eng
082 ## - DEWEY DECIMAL CLASSIFICATION NUMBER
Classification number 338.9
Item number MAL/PR
100 ## - MAIN ENTRY--AUTHOR NAME
Personal name Malebacum, wilfred, .
245 00 - TITLE STATEMENT
Title prospects year indian devolopment
260 ## - PUBLICATION, DISTRIBUTION, ETC. (IMPRINT)
Place of publication :
Name of publisher Geoephe Allen Ltd ,
Year of publication 1962.
300 ## - PHYSICAL DESCRIPTION
Number of Pages ; .
650 ## - SUBJECT ADDED ENTRY--TOPICAL TERM
Topical Term Devolopment theory/Govement programme/
942 ## - ADDED ENTRY ELEMENTS (KOHA)
Koha item type Books
Holdings
Withdrawn status Lost status Damaged status Home library Current library Date acquired Full call number Accession Number Koha item type
Withdrawn     KAUAET Sanskrit University 07/04/2012 338.9 4031 Books
free website counter